000 00638nam a22001817a 4500
999 _c130514
_d130514
008 201020b ||||| |||| 00| 0 eng d
020 _a9786218009288
050 _aBR127.O51 v.6
245 _aThe Universal Church in Germany
_bliving the faith together
_cKlaus Kramer and Klaus Vellguth ed.
260 _aPhilippines
_bClaretian Communications Foundation
_c2015
300 _axix, 263p. ;
_c22cm.
440 _aOne world theology
_n6
_949906
650 _aChristianity and other religions
_949907
650 _aChurch
_949908
700 _aKramer, Klaus ed.
_949893
700 _aVellguth, Klaus ed.
_949894
942 _2lcc
_cMONOGRAPH